Международное право и охрана культурного наследия: Документы, библиография

Dades bibliogràfiques
Altres autors: Полякова М. А. (редактор), Александров А. А.
Idioma:rus
Publicat: Афины, [Б. и.], 1997
Matèries:
Format: MixedMaterials Llibre
KOHA link:https://koha.lib.tpu.ru/cgi-bin/koha/opac-detail.pl?biblionumber=12009

MARC

LEADER 00000nam0a2200000 4500
001 12009
005 20231101204814.0
035 |a (RuTPU)RU\TPU\book\12083 
035 |a BOOK00012149 
090 |a 12009 
100 |a 20011209d1997 m y0rusy50 ca 
101 0 |a rus 
102 |a RU 
105 |a y j 000zy 
200 1 |a Международное право и охрана культурного наследия  |e Документы, библиография  |f под ред. М. А. Поляковой, А. А. Александрова 
210 |a Афины  |d 1997  |c [Б. и.] 
215 |a 235 с. 
606 1 |a Культурные ценности  |x Международно-правовая защита  |2 stltpush  |3 (RuTPU)RU\TPU\subj\68935  |9 83998 
610 1 |a право 
610 1 |a международное право 
610 1 |a культура 
610 1 |a культурное наследие 
610 1 |a музеи 
610 1 |a учебные пособия 
686 |a Х916я73  |v LBC/SL-A  |2 rubbk 
702 1 |a Полякова  |b М. А.  |4 340 
702 1 |a Александров  |b А. А.  |4 340 
801 0 |a RU  |b 63413507  |c 20011209  |g PSBO 
801 2 |a RU  |b 63413507  |c 20150409  |g PSBO 
942 |c BK